MARC

Tag First Indicator Second Indicator Subfields
LEADER 00000cam a22000001a 4500
001 in00003720621
006 m |o d |
007 cr |n|||||||||
008 170125s2007 maua ob 001 0deng d
005 20250816212854.6
020 |a 9780674281943 (electronic bk.) 
020 |a 0674281942 (electronic bk.) 
020 |z 9780674025790 
020 |z 0674025792 
020 |z 9780674032521 
020 |z 0674032527 
024 8 |a 99970414748 
035 |a (NhCcYBP)ebc3301320 
040 |a NhCcYBP  |c NhCcYBP  |d UtOrBLW 
043 |a n-us--- 
050 4 |a E840.8.K58  |b S87 2007 
082 0 4 |a 327.730092  |2 22 
084 |a 15.85  |2 bcl 
100 1 |a Suri, Jeremi.  |0 http://id.loc.gov/authorities/names/n2002115909 
245 1 0 |a Henry Kissinger and the American century /  |c Jeremi Suri. 
264 1 |a Cambridge, Mass. :  |b Belknap Press of Harvard University Press,  |c 2007. 
300 |a 1 online resource. 
336 |a text  |b txt  |2 rdacontent 
337 |a computer  |b c  |2 rdamedia 
338 |a online resource  |b cr  |2 rdacarrier 
504 |a Includes bibliographical references (pages 277-344) and index. 
505 0 |a The making of the American century -- Democracy and its discontents -- Transatlantic ties -- The cold war university -- A strategy of limits -- A statesman's revolution -- From Germany to Jerusalem. 
588 |a Description based on print version record. 
500 |a Electronic resource. 
600 1 0 |a Kissinger, Henry,  |d 1923-  |x Political and social views. 
651 0 |a United States  |x Foreign relations  |y 1969-1974.  |0 http://id.loc.gov/authorities/subjects/sh85140102 
651 0 |a United States  |x Foreign relations  |y 1974-1977.  |0 http://id.loc.gov/authorities/subjects/sh85140103 
650 0 |a Cold War.  |0 http://id.loc.gov/authorities/subjects/sh88005637 
651 0 |a United States  |x Foreign relations  |x Philosophy.  |0 http://id.loc.gov/authorities/subjects/sh88003959 
650 0 |a Statesmen  |z United States  |v Biography.  |0 http://id.loc.gov/authorities/subjects/sh2008111368 
655 7 |a Electronic books.  |2 local 
710 2 |a ProQuest (Firm)  |0 http://id.loc.gov/authorities/names/n2007068018 
776 1 8 |i Online version:  |a Suri, Jeremi.  |t Henry Kissinger and the American century.  |d Cambridge, Mass. : Belknap Press of Harvard University Press, 2007 
776 1 8 |c Original  |z 9780674025790  |z 0674025792  |z 9780674032521  |z 0674032527  |w (DLC) 2007006648 
856 4 0 |u https://ebookcentral.proquest.com/lib/tamucs/detail.action?docID=3301320  |y Connect to the full text of this electronic book  |t 0 
955 |a YBP purchased firm e-records 
980 |b 36.00  |g 1 
987 |a ybp10845220 
999 f f |s 86e92e6e-918d-3cc2-a3ec-0b8411687b01  |i 465427c4-049a-3d85-9e52-9f0ab1951159  |t 0 
952 f f |a Texas A&M University  |b College Station  |c Electronic Resources  |d Available Online  |t 0  |e E840.8.K58 S87 2007  |h Library of Congress classification 
998 f f |a E840.8.K58 S87 2007  |t 0  |l Available Online